Central Library OPAC University of Rajshahi

Encyclopaedia of biotechnology / (Record no. 37524)

MARC details
000 -LEADER
fixed length control field 00661nam a2200229 4500
001 - CONTROL NUMBER
control field 37524
003 - CONTROL NUMBER IDENTIFIER
rucl marc code BD-RjUL
005 - DATE AND TIME OF LATEST TRANSACTION
control field 20211209052623.0
008 - FIXED-LENGTH DATA ELEMENTS--GENERAL INFORMATION
fixed length control field 150125s1993 ii ||||| |||| 00| 0 eng d
020 ## - INTERNATIONAL STANDARD BOOK NUMBER
International Standard Book Number 8170417236
035 ## - SYSTEM CONTROL NUMBER
System control number (BD-RjUL)37628
040 ## - CATALOGING SOURCE
Original cataloging agency BD-RjUL
Language of cataloging eng
Transcribing agency BD-RjUL
041 ## - LANGUAGE CODE
Language code of text/sound track or separate title eng
082 ## - DEWEY DECIMAL CLASSIFICATION NUMBER
Classification number 660.603
Author mark and year ENC 1993
245 ## - TITLE STATEMENT
Title Encyclopaedia of biotechnology /
Statement of responsibility, etc. edited by G.R. Chhatwal.
Number of part/section of a work Vol. 2
260 ## - PUBLICATION, DISTRIBUTION, ETC. (IMPRINT)
Place of publication, distribution, etc. New Delhi :
Name of publisher, distributor, etc. Anmol Publications,
Date of publication, distribution, etc. 1993.
300 ## - PHYSICAL DESCRIPTION
Pagination 354-717 p.:
Size 23 cm.
650 ## - SUBJECT ADDED ENTRY--TOPICAL TERM
Topical term or geographic name as entry element Biotechnology
General subdivision Dictionaries.
9 (RLIN) 115236
Topical term or geographic name as entry element Biotechnology
9 (RLIN) 115163
700 ## - ADDED ENTRY--PERSONAL NAME
Personal name Chhatwal, G.R.
942 ## - ADDED ENTRY ELEMENTS (KOHA)
Source of classification or shelving scheme Dewey Decimal Classification
Koha item type Books
Holdings
Lost status Source of classification or shelving scheme Damaged status Not for loan Collection code Permanent Location Current Location Shelving location Date acquired Total Checkouts Full call number Date last seen Copy number Koha item type
  Dewey Decimal Classification   Not For Loan Non-fiction Institute of Biological Sciences (IBSc) Library Institute of Biological Sciences (IBSc) Library   25/01/2015   660.603 ENC 1993 25/01/2015 C-1 Books